[Event "Tittle-tattles Promotional Tournament"]
[Site "SchemingMind.com"]
[Date "2008.04.18"]
[Round "-"]
[White "Efren ramos"]
[Black "Dr_Pat"]
[Result "0-1"]
[WhiteCountry "NCA"]
[BlackCountry "USA"]
[WhiteElo "1897"]
[WhiteRD "77"]
[BlackElo "1992"]
[BlackRD "50"]
[GameID "150986"]

1. d4 d5 2. c4 c6 3. Nc3 Nf6 4. Nf3 e6 5. Bg5 h6 6. Bxf6 Qxf6 7. e4 dxe4 8. Nxe4 Bb4+ 9. Ned2 O-O 10. a3 Bxd2+
11. Qxd2 c5 12. dxc5 Rd8 13. Qc2 Na6 14. Be2 Nxc5 15. O-O Bd7 16. b3 Bc6 17. Rad1 Be4 18. Qa2 Qc3 19. b4 Nb3 20. h3 Bxf3
21. Bxf3 Nd2 22. Bxb7 Nxf1 23. Rxf1 Rab8 24. Ba6 Rd6 25. Bb5 a6 26. Ba4 Rd2 27. Qa1 Qxc4 28. Rc1 Qf4 29. Rf1 Rc8 30. Bd1 e5
31. Bb3 e4 32. Bd1 e3 33. fxe3 Qg3 34. Bf3 Rxg2+ 35. Bxg2 Rc2
0-1

[Event "Tittle-tattles Promotional Tournament"]
[Site "SchemingMind.com"]
[Date "2008.04.18"]
[Round "-"]
[White "Vaidotas"]
[Black "Dr_Pat"]
[Result "0-1"]
[WhiteCountry "LTU"]
[BlackCountry "USA"]
[WhiteElo "1904"]
[WhiteRD "67"]
[BlackElo "1992"]
[BlackRD "50"]
[GameID "150987"]

1. e4 e5 2. Nf3 Nc6 3. Bc4 Bc5 4. b4 Bxb4 5. c3 Ba5 6. d4 exd4 7. O-O d6 8. cxd4 Bb6 9. Bb2 Nf6 10. Nc3 O-O
11. d5 Na5 12. Be2 Qe7 13. Qc2 c5 14. Rfe1 Bd7 15. Bb5 Bxb5 16. Nxb5 Rfe8 17. e5 dxe5 18. Rxe5 Qd7 19. Nc3 Nc4 20. Rxe8+ Rxe8
21. Rd1 Nxb2 22. Qxb2 c4 23. h3 Qd6 24. Nb5 Qc5 25. Nc3 Ba5 26. d6 Bxc3 27. Qxc3 Rd8 28. a4 Qxf2+ 29. Kxf2 Ne4+ 30. Kf1 Nxc3
31. Rd4 f6 32. Rxc4 Nd5 33. Rd4 Rxd6 34. Kf2 Kf7 35. Nd2 Ke6 36. Nc4 Rc6 37. Kf3 f5 38. g4 fxg4+ 39. hxg4 Nc3 40. a5 Rc5
41. Rd6+ Ke7 42. Rd4 Rd5 43. Rxd5 Nxd5 44. Ke4 Ke6 45. Nd2 Nf6+ 46. Kf4 Kd5 47. Kf5 Ng8 48. Kf4 Ne7 49. Ne4 Nc6 50. a6 bxa6
51. Nc3+ Kc4 52. Na4 a5 53. Kf5 Kb4 54. Nb2 a4 55. Nd3+ Kc3 56. Nc1 Kc2 57. Ne2 a3
0-1

[Event "Tittle-tattles Promotional Tournament"]
[Site "SchemingMind.com"]
[Date "2008.04.17"]
[Round "-"]
[White "PankracyRozumek"]
[Black "Dr_Pat"]
[Result "1-0"]
[WhiteCountry "POL"]
[BlackCountry "USA"]
[WhiteElo "1857"]
[WhiteRD "81"]
[BlackElo "1903"]
[BlackRD "53"]
[GameID "150988"]

1. e4 e5 2. Nf3 Nc6 3. d4 exd4 4. Nxd4 Bc5 5. Be3 Qf6 6. Nb5 Bxe3 7. fxe3 Qh4+ 8. g3 Qxe4 9. Nxc7+ Kd8 10. Nxa8 Qxh1
11. Qd6 Nf6 12. Nd2 Qd5 13. Qc7+ Ke7 14. O-O-O Qe5 15. Nc4 Qxc7 16. Nxc7 Rd8 17. Nd6 a6 18. Bg2 Ng4 19. Bh3 Nce5 20. Bxg4 Nxg4
21. Na8 Nxe3 22. Rd3
1-0

[Event "Tittle-tattles Promotional Tournament"]
[Site "SchemingMind.com"]
[Date "2008.04.17"]
[Round "-"]
[White "z"]
[Black "Dr_Pat"]
[Result "1-0"]
[WhiteCountry "IRQ"]
[BlackCountry "USA"]
[WhiteElo "1825"]
[WhiteRD "51"]
[BlackElo "1929"]
[BlackRD "48"]
[GameID "150989"]

1. b4 e5 2. Bb2 Bxb4 3. Bxe5 Nf6 4. a3 Be7 5. e3 Nc6 6. Bb2 d6 7. Be2 O-O 8. Nf3 Bf5 9. O-O d5 10. c4 dxc4
11. Bxc4 Bd3 12. Bxd3 Qxd3 13. Ne1 Qc4 14. d4 Bd6 15. Nd2 Qd5 16. Qb3 Rfe8 17. Nef3 Qxb3 18. Nxb3 Nd5 19. Nbd2 f5 20. g3 Rad8
21. Nc4 b5 22. Nce5 Bxe5 23. Nxe5 Nxe5 24. dxe5 c5 25. Rac1 c4 26. Bd4 Rd7 27. Rb1 a6 28. f4 Kf7 29. Kf2 Rc7 30. Kf3 c3
31. e4 fxe4+ 32. Kxe4 Rc4 33. Rbc1
1-0

[Event "Tittle-tattles Promotional Tournament"]
[Site "SchemingMind.com"]
[Date "2008.04.17"]
[Round "-"]
[White "smothered mate"]
[Black "Dr_Pat"]
[Result "1-0"]
[WhiteCountry "POL"]
[BlackCountry "USA"]
[WhiteElo "1913"]
[WhiteRD "52"]
[BlackElo "1929"]
[BlackRD "48"]
[GameID "150990"]

1. e4 e5 2. Nf3 Nc6 3. Nc3 Nf6 4. Nxe5 Nxe5 5. d4 Ng6 6. e5 Ng8 7. Bc4 d5 8. Bxd5 c6 9. Bc4 Be6 10. Bxe6 fxe6
11. Ne4 Qd5 12. Qd3 Be7 13. c4 Nxe5 14. cxd5 Nxd3+ 15. Kd2 Nxc1 16. d6 Rd8 17. dxe7 Nxe7 18. Kxc1 Rxd4 19. Nc3 O-O 20. f3 Rfd8
21. Re1 Nd5 22. Ne4 Ne3 23. b3 Rd1+ 24. Kb2 R8d2+ 25. Nxd2
1-0

[Event "Tittle-tattles Promotional Tournament"]
[Site "SchemingMind.com"]
[Date "2008.04.17"]
[Round "-"]
[White "MazetaFighter"]
[Black "Dr_Pat"]
[Result "1/2-1/2"]
[WhiteCountry "GRE"]
[BlackCountry "USA"]
[WhiteElo "2037"]
[WhiteRD "69"]
[BlackElo "1992"]
[BlackRD "50"]
[GameID "150991"]

1. e4 e5 2. Nf3 Nc6 3. d4 exd4 4. Nxd4 Bc5 5. Be3 Qf6 6. c3 Nge7 7. Bc4 Ne5 8. Be2 Qg6 9. O-O d6 10. f3 O-O
11. Nd2 d5 12. Kh1 dxe4 13. fxe4 Bg4 14. Bf4 Bxe2 15. Qxe2 Bd6 16. Rad1 Rae8 17. Bxe5 Bxe5 18. Qb5 Bxd4 19. cxd4 Qb6 20. Qxb6 axb6
21. d5 f5 22. exf5 Nxf5 23. Nc4 b5 24. g4 bxc4 25. gxf5 Re2 26. Rc1 b5 27. a4 bxa4 28. Rxc4 Rb8 29. Rxa4 Rbxb2 30. Rc1 Rxh2+
31. Kg1 Rbg2+ 32. Kf1 Rc2 33. Rxc2 Rxc2 34. Ra8+ Kf7 35. Rd8 h5 36. Rc8 Ke7 37. Rg8 Kf6 38. Rf8+ Ke5 39. Rf7 h4 40. Rxg7 Kxf5
41. Kg1 Ke5 42. Rd7 Kf4 43. d6= cxd6 44. Rxd6 Ra2 45. Rd8 Rb2 46. Kh1 Re2=
1/2-1/2

[Event "Tittle-tattles Promotional Tournament"]
[Site "SchemingMind.com"]
[Date "2008.04.18"]
[Round "-"]
[White "Pedro666"]
[Black "riverriver"]
[Result "1-0"]
[WhiteCountry "POL"]
[BlackCountry "USA"]
[WhiteElo "2022"]
[WhiteRD "75"]
[BlackElo "1843"]
[BlackRD "72"]
[GameID "151154"]

1. d4 d5 2. Nf3 c5 3. c3 Nc6 4. Bf4 Bf5 5. dxc5 e6 6. b4 Be7 7. e3 Nf6 8. Nd4 Qd7 9. Nxf5 exf5 10. Bb5 a6
11. Bxc6 bxc6 12. O-O O-O 13. Nd2 Ne4 14. Be5 f6 15. Bd4 Rab8 16. Nb3 Rb5 17. Qd3 g6 18. a4 Rbb8 19. Qxa6 Ra8 20. Qd3 Ng5
21. c4 Bd8 22. cxd5 Qxd5 23. Rfc1 Bc7 24. Nd2 Rad8 25. Qb3 f4 26. b5 fxe3 27. fxe3 cxb5 28. axb5 Ne6 29. Qxd5 Rxd5 30. b6 Nxd4
31. exd4 Bf4 32. Nf3 Be3+ 33. Kf1 Bxc1 34. Rxc1 Kf7 35. b7 Rd7 36. c6 Rc7 37. d5 Rb8 38. d6 Rbxb7 39. dxc7 Rxc7 40. Nd4 Rc8
41. c7 Ke7 42. Nb5 Kd7 43. g4 h5 44. gxh5 gxh5 45. h4 f5 46. Kf2 Ke6 47. Na7 Ra8 48. c8=Q+ Rxc8 49. Nxc8
1-0

[Event "Tittle-tattles Promotional Tournament"]
[Site "SchemingMind.com"]
[Date "2008.04.18"]
[Round "-"]
[White "Pedro666"]
[Black "Dr_Pat"]
[Result "0-1"]
[WhiteCountry "POL"]
[BlackCountry "USA"]
[WhiteElo "2003"]
[WhiteRD "76"]
[BlackElo "1937"]
[BlackRD "51"]
[GameID "151155"]

1. d4 d5 2. c4 c6 3. cxd5 cxd5 4. Nf3 Nf6 5. Nc3 Nc6 6. Bf4 Bf5 7. e3 e6 8. Bb5 Nd7 9. Qa4 Rc8 10. Ne5 Ndxe5
11. Bxe5 a6 12. Be2 Qb6 13. Qb3 Qxb3 14. axb3 Nxe5 15. dxe5 Bc5 16. Rc1 d4 17. exd4 Bxd4 18. O-O Bxe5 19. Bf3 Rc7 20. Na4 Bc2
21. Bxb7 Bf4 22. Rxc2 Rxc2 23. Bxa6 Rd2 24. Rb1 Be5 25. Nc3 Ke7 26. Kf1 Bd4 27. Ne4 Rxb2 28. Rxb2 Bxb2 29. Ke2 f5 30. Nc5 Bd4
31. Nd3 Ra8 32. Bc4 Ra2+ 33. Kf3 e5 34. Nb4 Rxf2+ 35. Kg3 Kd6 36. h4 e4 37. h5 e3 38. Nd3 Be5+
0-1

[Event "Tittle-tattles Promotional Tournament"]
[Site "SchemingMind.com"]
[Date "2008.04.18"]
[Round "-"]
[White "Pedro666"]
[Black "Efren ramos"]
[Result "1/2-1/2"]
[WhiteCountry "POL"]
[BlackCountry "NCA"]
[WhiteElo "2003"]
[WhiteRD "76"]
[BlackElo "1916"]
[BlackRD "79"]
[GameID "151156"]

1. d4 d5 2. c4 c6 3. cxd5 cxd5 4. Nf3 Nf6 5. Nc3 Nc6 6. Bf4 e6 7. e3 a6 8. Bd3 Bd6 9. Bxd6 Qxd6 10. O-O O-O
11. a3 Bd7 12. Na4 b5 13. Nc5 Rfc8 14. b4 Be8 15. Qb1 g6 16. Rc1 e5 17. dxe5 Nxe5 18. Nxe5 Qxe5 19. Qb3 Bc6 20. Qc3 Qxc3
21. Rxc3 a5 22. Rac1 axb4 23. axb4 Be8 24. h3 Ra2 25. Ne4 dxe4 26. Rxc8 exd3 27. Rd1 Rb2 28. Rxd3 Rxb4 29. Rd6 Kg7 30. Rxf6 Kxf6
31. Rxe8 h5 32. Kf1=
1/2-1/2

[Event "Tittle-tattles Promotional Tournament"]
[Site "SchemingMind.com"]
[Date "2008.04.19"]
[Round "-"]
[White "Pedro666"]
[Black "Vaidotas"]
[Result "1-0"]
[WhiteCountry "POL"]
[BlackCountry "LTU"]
[WhiteElo "2068"]
[WhiteRD "81"]
[BlackElo "1699"]
[BlackRD "69"]
[GameID "151157"]

1. d4 d6 2. Nf3 g6 3. g3 Bg7 4. Bg2 Nc6 5. d5 Ne5 6. Nd4 Nf6 7. O-O O-O 8. h3 Bd7 9. f4 Nc4 10. b3 Nb6
11. e4 Qc8 12. Kh2 c5 13. dxc6 bxc6 14. Nd2 Ng4+ 15. hxg4 Bxd4 16. Rb1 Bxg4 17. Nf3 Bg7 18. Qd3 Rd8 19. Ne1 d5 20. e5 Bf5
21. Qe2 h5 22. Ba3 e6 23. Rc1 a5 24. Bc5 Nd7 25. Bf2 Qa6 26. c4 Rac8 27. Bf3 a4 28. b4 Nb6 29. cxd5 Qxe2 30. Bxe2 Nxd5
31. a3 f6 32. Nf3 fxe5 33. Nxe5 Ne7 34. Ba6 Bxe5 35. fxe5 Rb8 36. Bc5 Kf7 37. Bxe7 Kxe7 38. Rxc6 Rd2+ 39. Kg1 Rbd8 40. Rfc1 Be4
41. Rc7+ R8d7 42. Rxd7+ Kxd7 43. Rc3 g5 44. Bb5+ Kd8 45. Bxa4 Rd5 46. Bc6 Rd1+ 47. Kf2 Bxc6 48. Rxc6 Kd7 49. Rc3 Rd5 50. a4 Rxe5
51. b5 Re4 52. a5 Ra4 53. a6 Ra5 54. Rc5 Kd6 55. Rc6+ Kd5 56. Rb6 e5 57. Rb7 Ke4 58. a7 Ra2+ 59. Ke1 Kf3 60. b6 e4
61. Rf7+ Ke3 62. Kf1 Ra6 63. b7 Rxa7 64. Kg1 Ra1+ 65. Rf1
1-0

[Event "Tittle-tattles Promotional Tournament"]
[Site "SchemingMind.com"]
[Date "2008.04.18"]
[Round "-"]
[White "Pedro666"]
[Black "PankracyRozumek"]
[Result "1/2-1/2"]
[WhiteCountry "POL"]
[BlackCountry "POL"]
[WhiteElo "2022"]
[WhiteRD "75"]
[BlackElo "1943"]
[BlackRD "72"]
[GameID "151158"]

1. d4 Nf6 2. Nf3 e6 3. g3 b5 4. Bg2 Bb7 5. O-O c5 6. a4 b4 7. c4 bxc3 8. bxc3 Be7 9. Ba3 O-O 10. dxc5 Na6
11. Qd4 Rc8 12. c6 Bxc6 13. Qxa7 Ra8 14. Qd4 d6 15. Rd1 Nc5 16. Bxc5 dxc5 17. Qxd8 Rfxd8 18. Rxd8+ Bxd8 19. Ne5 Rxa4 20. Ra3 Rxa3
21. Nxa3 Ba4 22. Bc6 Bb3 23. Nb5 Nd5 24. c4 Nb6 25. Be8 f6 26. Nc6 Kf8 27. Nxd8 Kxe8 28. Nxe6 Bxc4 29. Nd6+ Kd7 30. Nxc4 Nxc4
31. Nxc5+ Kd6 32. Nd3 Kd5 33. f3 g5 34. e4+ Kd4 35. Ne1 Ke3= 36. Kg2 Nd2 37. Nc2+ Ke2 38. Nb4 Nxf3 39. Nd5 Ne1+ 40. Kh1 Kf3
41. Nxf6 Nd3 42. Kg1 h6 43. Kf1 Ne5 44. Kg1 Nd3 45. Kf1 Ne5=
1/2-1/2

[Event "Tittle-tattles Promotional Tournament"]
[Site "SchemingMind.com"]
[Date "2008.04.18"]
[Round "-"]
[White "Pedro666"]
[Black "z"]
[Result "1-0"]
[WhiteCountry "POL"]
[BlackCountry "IRQ"]
[WhiteElo "2025"]
[WhiteRD "82"]
[BlackElo "1796"]
[BlackRD "55"]
[GameID "151159"]

1. d4 b5 2. e4 a6 3. Nf3 Bb7 4. Bd3 e6 5. O-O c5 6. c3 Nf6 7. Bg5 h6 8. Bxf6 Qxf6 9. Re1 d5 10. dxc5 Bxc5
11. exd5 Bxd5 12. Bxb5+ Kf8 13. Qxd5 axb5 14. Qxa8
1-0

[Event "Tittle-tattles Promotional Tournament"]
[Site "SchemingMind.com"]
[Date "2008.04.18"]
[Round "-"]
[White "Pedro666"]
[Black "smothered mate"]
[Result "0-1"]
[WhiteCountry "POL"]
[BlackCountry "POL"]
[WhiteElo "2022"]
[WhiteRD "75"]
[BlackElo "1933"]
[BlackRD "52"]
[GameID "151160"]

1. g3 d5 2. Bg2 Nf6 3. Nf3 c5 4. O-O Nc6 5. d3 e6 6. Nbd2 Bd6 7. c3 O-O 8. e4 Qc7 9. Re1 Bd7 10. a4 b6
11. Nf1 dxe4 12. dxe4 Rad8 13. Qc2 Bc8 14. Bg5 Be7 15. e5 Nd5 16. Bxe7 Ncxe7 17. Ng5 Ng6 18. f4 c4 19. h4 Qc5+ 20. Kh2 f5
21. exf6 Nxf6 22. Bf3 Rd3 23. Kg2 Qf5 24. Re3 e5 25. Rxd3 Qxd3 26. Qxd3 cxd3 27. h5 Ne7 28. fxe5 Nfd5 29. Rd1 Bf5 30. Ne4 Bh3+
31. Kxh3 Rxf3 32. Nd6 g6 33. hxg6 Nxg6 34. e6 Kf8 35. Nd2 Rf2 36. Rf1 Rxf1 37. Nxf1 Ke7 38. Nc8+ Kxe6 39. Nxa7 Ne5 40. Nd2 Ne3
41. Nb5 N3c4 42. Nf1 d2 43. Nxd2 Nxd2 44. b4 Nec4 45. a5 Nxa5 46. bxa5 bxa5 47. Na3 Ne4 48. c4 Kd6 49. Kh4 Kc5 50. g4 Kb4
51. Nc2+ Kxc4 52. Kh5 a4 53. Kh6 Kb3 54. Nd4+ Kc3 55. Nb5+ Kb4 56. Nd4 Kc4 57. Nc2 Kc3 58. Na3 Kb3 59. Nb5 Nc3 60. Nd4+ Kb2
61. Nc6 a3 62. Nb4 Kb3 63. Nd3 Ne2
0-1

[Event "Tittle-tattles Promotional Tournament"]
[Site "SchemingMind.com"]
[Date "2008.04.19"]
[Round "-"]
[White "Pedro666"]
[Black "MazetaFighter"]
[Result "1/2-1/2"]
[WhiteCountry "POL"]
[BlackCountry "GRE"]
[WhiteElo "2003"]
[WhiteRD "78"]
[BlackElo "2037"]
[BlackRD "69"]
[GameID "151161"]

1. c4 e6 2. g3 d5 3. Bg2 dxc4 4. Qa4+ Nd7 5. Nf3 Nf6 6. O-O a6= 7. Qxc4 b5 8. Qc2 Bb7 9. d4 c5 10. Nc3 Rc8
11. dxc5 Bxc5 12. Qd3 O-O 13. Bg5 h6 14. Bxf6=
1/2-1/2

[Event "Tittle-tattles Promotional Tournament"]
[Site "SchemingMind.com"]
[Date "2008.04.19"]
[Round "-"]
[White "riverriver"]
[Black "Pedro666"]
[Result "0-1"]
[WhiteCountry "USA"]
[BlackCountry "POL"]
[WhiteElo "1848"]
[WhiteRD "71"]
[BlackElo "2036"]
[BlackRD "79"]
[GameID "151162"]

1. d4 d5 2. c4 c6 3. Nf3 Nf6 4. Nc3 dxc4 5. a4 Na6 6. e3 Bg4 7. Bxc4 Bxf3 8. Qxf3 Nb4 9. O-O a5 10. Bd2 e6
11. b3 Be7 12. Rfd1 O-O 13. Ne4 Qb6 14. Ng5 Rad8 15. Bxb4 Bxb4 16. h3 h6 17. Ne4 Nd5 18. Rac1 Rfe8 19. Qg3 Be7 20. Qe5 Ba3
21. Ra1 Bf8 22. g4 f6 23. Qh5 Qc7 24. Qg6 Qf7 25. Qxf7+ Kxf7 26. Rac1 g6 27. Rc2 f5 28. Nd2 Nb4 29. Rcc1 Bg7 30. Nf3 Bf6
31. Kh2 Kg7 32. Rg1 Nd5 33. Be2 Be7 34. gxf5 exf5 35. Ne5 g5 36. Bh5 Rf8 37. Bf3 Bd6 38. Bxd5 Bxe5+ 39. dxe5 Rxd5 40. h4 Kg6
41. f4 g4 42. Rgd1 Rfd8 43. Rxd5 Rxd5 44. Rc3 Rd2+ 45. Kg3 h5 46. Rc4 Rd3 47. b4 Rxe3+ 48. Kf2 Re4 49. Rxe4 fxe4 50. bxa5 Kf5
51. Ke2 g3 52. Ke3 c5 53. a6 bxa6 54. Ke2 c4 55. Ke3 c3 56. e6 Kxe6 57. Kxe4 g2 58. f5+ Kf6 59. Kd3 g1=Q 60. Kxc3 Qc5+
0-1

[Event "Tittle-tattles Promotional Tournament"]
[Site "SchemingMind.com"]
[Date "2008.04.18"]
[Round "-"]
[White "Dr_Pat"]
[Black "Pedro666"]
[Result "1-0"]
[WhiteCountry "USA"]
[BlackCountry "POL"]
[WhiteElo "1992"]
[WhiteRD "50"]
[BlackElo "2003"]
[BlackRD "78"]
[GameID "151163"]

1. d4 Nf6 2. c4 g6 3. Nc3 Bg7 4. e4 d6 5. Nf3 O-O 6. Be2 e5 7. O-O Nbd7 8. Re1 c6 9. Bf1 a5 10. Rb1 Re8
11. d5 Nc5 12. b3 Bd7 13. dxc6 bxc6 14. Qxd6 Nfxe4 15. Nxe4 Nxe4 16. Rxe4 Bf5 17. Qxd8 Rexd8 18. Ng5 Rd4 19. f3 Bxe4 20. Nxe4 f5
21. Nf2 Kf7 22. Be3 Rd7 23. c5 Bf8 24. Bc4+ Kf6 25. Re1 f4 26. Ne4+ Kg7 27. Bc1 Kh6 28. g3 g5 29. Bb2 Bg7 30. Nd6 Rf8
31. Be6 Ra7 32. Nf5+ Kg6 33. Nxg7 Rxg7 34. Bxe5 Ra7 35. gxf4 gxf4 36. Rd1 Kg5 37. Rd6 Re7 38. Kf2 Rfe8 39. h4+
1-0

[Event "Tittle-tattles Promotional Tournament"]
[Site "SchemingMind.com"]
[Date "2008.04.18"]
[Round "-"]
[White "Efren ramos"]
[Black "Pedro666"]
[Result "0-1"]
[WhiteCountry "NCA"]
[BlackCountry "POL"]
[WhiteElo "1906"]
[WhiteRD "78"]
[BlackElo "2022"]
[BlackRD "75"]
[GameID "151164"]

1. d4 Nf6 2. Nf3 g6 3. c4 Bg7 4. Nc3 O-O 5. e4 d6 6. Be2 e5 7. dxe5 dxe5 8. Qxd8 Rxd8 9. Bg5 Nbd7 10. O-O-O Rf8
11. Nd5 Nxd5 12. cxd5 Re8 13. Kb1 f5 14. exf5 gxf5 15. Rc1 Nb6 16. Rhd1 e4 17. Ne1 Be5 18. f4 Bd6 19. g3 Kg7 20. Nc2 Kg6
21. Ne3 h6 22. Bh4 h5 23. Rg1 Bd7 24. Rc2 Rh8 25. Rgc1 Be8 26. Bf1 a5 27. Bh3 Bd7 28. Bf1 a4 29. Rd1 Ra5 30. Nc4 Nxc4
31. Bxc4 b5 32. Be2 b4 33. Rcd2 Bb5 34. Bxb5 Rxb5 35. b3 axb3 36. axb3 Ra8 37. Ra2 Ra3 38. Rxa3 bxa3 39. Ka2 Rc5 40. Rd2 Rc3
41. h3= Rd3 42. Rc2 e3 43. g4 Rd2 44. gxf5+ Kxf5 45. Kb1 Rxc2 46. Kxc2 Bb4
0-1

[Event "Tittle-tattles Promotional Tournament"]
[Site "SchemingMind.com"]
[Date "2008.04.19"]
[Round "-"]
[White "Vaidotas"]
[Black "Pedro666"]
[Result "0-1"]
[WhiteCountry "LTU"]
[BlackCountry "POL"]
[WhiteElo "1891"]
[WhiteRD "67"]
[BlackElo "2003"]
[BlackRD "76"]
[GameID "151165"]

1. e4 Nf6 2. e5 Nd5 3. Nc3 Nxc3 4. dxc3 d6 5. Bc4 Nc6 6. Nf3 dxe5 7. Qxd8+ Nxd8 8. Nxe5 f6 9. Nf3 e5 10. Be3 Be6
11. Bb5+ Kf7 12. O-O g5 13. Rfd1 Bd6 14. Rd2 g4 15. Ne1 f5 16. f3 h5 17. Bg5 Kg6 18. Bxd8 Raxd8 19. Rad1 Bc5+ 20. Kh1 Rxd2
21. Rxd2 Be3 22. Re2 f4 23. Nd3 Kf6 24. Ba4 gxf3 25. gxf3 Bd5 26. Ne1 Bc1 27. b3 Rg8 28. Rg2 Rxg2 29. Kxg2 Bd2 30. Nd3 Bxc3
31. Nf2 c6 32. b4 Bxb4 33. Bb3 Bxb3 34. cxb3 Ke6 35. Ne4 Be7 36. Kf2 Kd5 37. Ke2 Kd4 38. Kd2 b5 39. Ke2 c5 40. Kd2 c4
41. bxc4 bxc4 42. a4 Bb4+ 43. Kc2 Ke3 44. Ng5 h4 45. Nf7 Kxf3 46. Nxe5+ Ke2 47. Nc6 f3 48. Nxb4 f2
0-1

[Event "Tittle-tattles Promotional Tournament"]
[Site "SchemingMind.com"]
[Date "2008.04.18"]
[Round "-"]
[White "PankracyRozumek"]
[Black "Pedro666"]
[Result "0-1"]
[WhiteCountry "POL"]
[BlackCountry "POL"]
[WhiteElo "1903"]
[WhiteRD "74"]
[BlackElo "2003"]
[BlackRD "78"]
[GameID "151166"]

1. e4 Nf6 2. e5 Nd5 3. d4 d6 4. Nf3 Bg4 5. Be2 c6 6. c4 Nb6 7. Nbd2 dxe5 8. Nxe5 Bf5 9. Nef3 e6 10. O-O Be7
11. b3 Bf6 12. Ba3 Bxd4 13. Nxd4 Qxd4 14. Nf3 Qxd1 15. Rfxd1 N8d7 16. Ne5 Nxe5
0-1

[Event "Tittle-tattles Promotional Tournament"]
[Site "SchemingMind.com"]
[Date "2008.04.18"]
[Round "-"]
[White "z"]
[Black "Pedro666"]
[Result "0-1"]
[WhiteCountry "IRQ"]
[BlackCountry "POL"]
[WhiteElo "1825"]
[WhiteRD "51"]
[BlackElo "2029"]
[BlackRD "84"]
[GameID "151167"]

1. b4 d5 2. e3 e5 3. a3 Bd6 4. c4 c6 5. Bb2 Be6 6. Nf3 Nd7 7. d4 e4 8. Nfd2 f5 9. Nc3 Ngf6 10. g3 O-O
11. c5 Bc7 12. Qc2 Qe7 13. b5 cxb5 14. Nxb5 Ba5 15. Bc3 Bxc3 16. Qxc3 Rfc8 17. Nd6 Qxd6 18. Qb4 Qc7 19. Bh3 b6 20. Nb3 bxc5
21. dxc5 Nxc5 22. O-O Rab8 23. Qxc5 Qxc5 24. Nxc5 Rxc5 25. f3 exf3 26. Rxf3 g6 27. g4 Nxg4 28. Bxg4 fxg4 29. Rf6 Bf5
0-1

[Event "Tittle-tattles Promotional Tournament"]
[Site "SchemingMind.com"]
[Date "2008.04.18"]
[Round "-"]
[White "smothered mate"]
[Black "Pedro666"]
[Result "0-1"]
[WhiteCountry "POL"]
[BlackCountry "POL"]
[WhiteElo "1926"]
[WhiteRD "48"]
[BlackElo "2003"]
[BlackRD "76"]
[GameID "151168"]

1. e4 Nf6 2. e5 Nd5 3. c4 Nb6 4. d4 d6 5. exd6 exd6 6. Nc3 Be7 7. Qf3 Nc6 8. Be3 Bf6 9. O-O-O O-O 10. Bd3 Nb4
11. Bb1 Nxc4 12. a3 Nxe3 13. fxe3 Nc6 14. g4 g6 15. h4 Bxh4 16. Qh3 g5 17. Nf3 h5 18. Qg2 Bxg4 19. Nxh4 gxh4 20. Rdg1 Qg5
21. Kd2 f5 22. Qd5+ Kh8 23. Ne4 Qh6 24. Rxh4 Bf3 25. Rg5 Qxg5 26. Nxg5 Bxd5 27. Rxh5+ Kg7
0-1

[Event "Tittle-tattles Promotional Tournament"]
[Site "SchemingMind.com"]
[Date "2008.04.19"]
[Round "-"]
[White "MazetaFighter"]
[Black "Pedro666"]
[Result "1/2-1/2"]
[WhiteCountry "GRE"]
[BlackCountry "POL"]
[WhiteElo "2048"]
[WhiteRD "67"]
[BlackElo "2003"]
[BlackRD "76"]
[GameID "151169"]

1. e4 Nf6 2. Nc3 d5 3. e5 d4 4. exf6 dxc3 5. fxg7 cxd2+ 6. Qxd2 Qxd2+ 7. Bxd2 Bxg7 8. O-O-O Nc6 9. Bb5 Bd7 10. Nf3 O-O-O
11. Rhe1 e6 12. Ng5 Rdf8 13. f4 a6 14. Bd3 h6 15. Nf3 Ne7 16. Ne5 Bxe5 17. fxe5 Bc6 18. g3 Bf3 19. Be2 Bg2 20. Bb4 Re8
21. Bh5 Rh7 22. Rd2 Bh3 23. Rf2 Bf5 24. Bxe7 Rxe7 25. g4 Bg6 26. Bxg6 fxg6 27. Rd1 Rhf7 28. Rdf1 Rxf2 29. Rxf2 Kd7 30. Rf6 Rg7
31. Kd2 h5 32. g5 Ke7 33. h4 Rg8 34. Ke3 Rg7 35. c4 Rg8=
1/2-1/2

[Event "Tittle-tattles Promotional Tournament"]
[Site "SchemingMind.com"]
[Date "2008.04.23"]
[Round "-"]
[White "calidore"]
[Black "riverriver"]
[Result "1-0"]
[WhiteCountry "ISR"]
[BlackCountry "USA"]
[WhiteElo "1867"]
[WhiteRD "47"]
[BlackElo "1821"]
[BlackRD "72"]
[GameID "151250"]

1. e4 e5 2. Nf3 Nc6 3. Bc4 Nf6 4. d4 exd4 5. e5 d5 6. Bb5 Ne4 7. Nxd4 Bd7 8. Nxc6 bxc6 9. Bd3 Bc5 10. O-O O-O
11. Nd2 Bxf2+ 12. Rxf2 Nxf2 13. Kxf2 Qh4+ 14. Kg1 Rae8 15. Nf3 Qh5 16. Bd2 Bg4 17. Bb4 Bxf3 18. Qxf3 Qxe5 19. Bxf8 Qxb2 20. Rf1 Rxf8
21. Qh5 g6 22. Qf3 Qxa2 23. h4 Qb2 24. h5 Qd4+ 25. Kh1 Qh4+ 26. Kg1 Qxh5 27. Qxh5 gxh5 28. Rb1 Kh8 29. Rb7 Rc8 30. Rxa7 Kg7
31. Bf5 Re8 32. Rxc7 Re1+ 33. Kf2 Re5 34. Bh3 c5 35. Rxc5 f6 36. Bd7 Kf7 37. Rc7 Re7 38. Rb7 d4 39. Bc6 Rxb7 40. Bxb7 Ke6
41. Kg3 Kf5 42. Kh4 Kg6 43. Bf3 f5 44. Bxh5+ Kh6 45. Be2 Kg6 46. Bd3 Kf6 47. Kh5 Ke5 48. Kg5 h6+ 49. Kxh6 Kf4 50. Kg6 Ke5
51. Bxf5 Kd5 52. Kh6 Ke5 53. g4 Kf4 54. Bd7 d3 55. cxd3 Ke5 56. g5 Kd6 57. g6 Kxd7 58. g7
1-0

[Event "Tittle-tattles Promotional Tournament"]
[Site "SchemingMind.com"]
[Date "2008.04.19"]
[Round "-"]
[White "calidore"]
[Black "Dr_Pat"]
[Result "0-1"]
[WhiteCountry "ISR"]
[BlackCountry "USA"]
[WhiteElo "1899"]
[WhiteRD "53"]
[BlackElo "1992"]
[BlackRD "50"]
[GameID "151251"]

1. e4 e5 2. Nf3 Nc6 3. Bc4 Bc5 4. b4 Bxb4 5. c3 Ba5 6. d4 exd4 7. O-O d6 8. cxd4 Bb6 9. Nc3 Na5 10. Bd3 Ne7
11. Ba3 O-O 12. Qc2 Bg4 13. Ng5 Nec6 14. e5 Qxg5 15. Bxh7+ Kh8 16. Ne4 Qh6 17. exd6 Nxd4 18. Qd3 Qxh7 19. dxc7 Bxc7 20. h3 Ne2+
21. Kh1 Rfd8 22. Qe3 Re8 23. Ng5 Rxe3 24. Nxh7 Rxh3+
0-1

[Event "Tittle-tattles Promotional Tournament"]
[Site "SchemingMind.com"]
[Date "2008.04.23"]
[Round "-"]
[White "calidore"]
[Black "Efren ramos"]
[Result "1/2-1/2"]
[WhiteCountry "ISR"]
[BlackCountry "NCA"]
[WhiteElo "1899"]
[WhiteRD "53"]
[BlackElo "1897"]
[BlackRD "77"]
[GameID "151252"]

1. e4 e5 2. Nf3 Nf6 3. Bc4 Nxe4 4. Nc3 Nxc3 5. dxc3 f6 6. O-O d6 7. Nh4 g6 8. f4 Qe7 9. fxe5 dxe5 10. Be3 Bg7
11. b4 Be6 12. Bc5 Qf7 13. Bd3 Nd7 14. Be3 O-O 15. Nf3 Qe7 16. Qe2 c6 17. a4 Kh8 18. Rad1 Bd5 19. Nh4 f5 20. Qe1 Qe6
21. c4 Nf6 22. cxd5 cxd5 23. Bc5 Rfe8 24. Qd2 b6 25. Bf2 a6 26. Rfe1 e4 27. Bf1 Red8 28. Qe3 Ng4 29. Qxb6 Rd6 30. Qb7 Rc8
31. Bc5 Rdc6 32. c4 d4 33. Bxd4 Bxd4+ 34. Rxd4 Qf6 35. Nxg6+ hxg6 36. Red1 R6c7 37. Qd5 Ne3 38. Qd6 Qxd6 39. Rxd6 Nxd1 40. Rxd1 Rxc4
41. Bxc4=
1/2-1/2

[Event "Tittle-tattles Promotional Tournament"]
[Site "SchemingMind.com"]
[Date "2008.04.23"]
[Round "-"]
[White "calidore"]
[Black "Vaidotas"]
[Result "1-0"]
[WhiteCountry "ISR"]
[BlackCountry "LTU"]
[WhiteElo "2039"]
[WhiteRD "62"]
[BlackElo "1898"]
[BlackRD "71"]
[GameID "151253"]

1. e4 c6 2. c3 d5 3. exd5 cxd5 4. d4 Bf5 5. Qb3 Qd7 6. Nf3 Nc6 7. Bb5 Qe6+ 8. Be3 Nf6 9. O-O a6 10. Bxc6+ bxc6
11. Ne5 Ng4 12. Qb7 Qc8 13. Qxc6+ Qxc6 14. Nxc6 f6 15. Nd2 Nxe3 16. fxe3 e6 17. Na5 Rb8 18. b4 Rc8 19. Rac1 Bd3 20. Rfe1 f5
21. Nf3 Bd6 22. Nb7 Bb8 23. Nc5 Be4 24. Nxe6 g6 25. Nc5 Rc6 26. a4 Ke7 27. Nd2 Bd6 28. Ndxe4 fxe4 29. Rf1 Rb8 30. Rf2 Bxc5
31. dxc5 Rf8 32. Rxf8 Kxf8 33. Rd1 Ke7 34. Rxd5 Ke6 35. Rd6+ Rxd6 36. cxd6 Kxd6 37. b5 axb5 38. axb5 Kc5 39. c4 g5 40. Kf2 h5
41. Kg3 Kb6 42. h4 g4 43. Kf4
1-0